[Event "Oberliga Ost-A 0102"]
[Site "Germany"]
[Date "2001.11.11"]
[Round "3.7"]
[White "Just, Joachim"]
[Black "Zeidler, Andreas"]
[Result "1/2-1/2"]
[WhiteElo "2192"]
[BlackElo "2081"]
[PlyCount "41"]
[EventDate "2001.10.07"]
[EventType "team"]
[EventRounds "11"]
[EventCountry "GER"]
[SourceTitle "EXT 2003"]
[Source "ChessBase"]
[SourceDate "2002.11.25"]
[SourceVersion "1"]
[SourceVersionDate "2002.11.25"]
[SourceQuality "1"]
[WhiteTeam "Leipzig Lok Mitte II"]
[BlackTeam "Liebschwitz"]
[WhiteTeamCountry "GER"]
[BlackTeamCountry "GER"]

1. d4 d5 2. Nf3 Nf6 3. Bg5 Ne4 4. Bf4 c6 5. c3 Bf5 6. Nbd2 e6 7. Nxe4 Bxe4 8. e3 Nd7 9. Be2 Nf6 10. h3 Bxf3 11. Bxf3 Bd6 12. Bxd6 Qxd6 13. 0-0 0-0 14. Re1 e5 15. dxe5 Qxe5 16. Qd4 Rfe8 17. Qxe5 Rxe5 18. Rad1 a5 19. Rd2 Kf8 20. Rc1 Ne4 21. Bxe4 1/2-1/2

[Event "Oberliga Ost-A 0102"]
[Site "Germany"]
[Date "2001.11.10"]
[Round "2.7"]
[White "Zeidler, Andreas"]
[Black "Poenisch, Egmont"]
[Result "1-0"]
[WhiteElo "2081"]
[BlackElo "2139"]
[PlyCount "103"]
[EventDate "2001.10.07"]
[EventType "team"]
[EventRounds "11"]
[EventCountry "GER"]
[SourceTitle "EXT 2003"]
[Source "ChessBase"]
[SourceDate "2002.11.25"]
[SourceVersion "1"]
[SourceVersionDate "2002.11.25"]
[SourceQuality "1"]
[WhiteTeam "Liebschwitz"]
[BlackTeam "Coswig"]
[WhiteTeamCountry "GER"]
[BlackTeamCountry "GER"]

1. d4 g6 2. g3 Bg7 3. Bg2 d6 4. Nf3 Nf6 5. 0-0 0-0 6. c4 c6 7. Nc3 Na6 8. a3 h6 9. b4 Nc7 10. e4 Bg4 11. h3 Bxf3 12. Qxf3 a5 13. b5 e5 14. dxe5 dxe5 15. a4 Ne6 16. Ba3 c5 17. Rad1 Nd4 18. Qe3 Nd7 19. Nd5 Rc8 20. f4 f5 21. Rd2 Re8 22. Qd3 Kh8 23. Bb2 exf4 24. gxf4 fxe4 25. Bxe4 g5 26. Rg2 Rf8 27. Qd1 Qe8 28. Bb1 Qe6 29. Qd3 Qf5 30. Qxf5 Nxf5 31. Bxf5 Rxf5 32. Bxg7+ Kxg7 33. Ne7 Rcf8 34. Nxf5+ Rxf5 35. fxg5 Rxg5 36. Rxg5+ hxg5 37. Rf5 b6 38. Rxg5+ Kf6 39. h4 Ne5 40. Rh5 Nxc4 41. Rh6+ Ke5 42. h5 Kd4 43. Re6 Kd5 44. Rf6 Ke5 45. Rc6 Nd2 46. h6 Nf3+ 47. Kf2 Ng5 48. Rxb6 c4 49. Ke3 Kd5 50. Rg6 Nh7 51. Rg7 Nf6 52. h7 1-0

[Event "Oberliga Ost-A 0001"]
[Site "Germany"]
[Date "2001.04.28"]
[Round "10.7"]
[White "Poenisch, Egmont"]
[Black "Zeidler, Andreas"]
[Result "1/2-1/2"]
[WhiteElo "2137"]
[BlackElo "2087"]
[PlyCount "41"]
[EventDate "2000.10.15"]
[EventType "team"]
[EventRounds "11"]
[EventCountry "GER"]
[SourceTitle "EXT 2002"]
[Source "ChessBase"]
[SourceDate "2001.11.25"]
[SourceVersion "1"]
[SourceVersionDate "2001.11.25"]
[SourceQuality "1"]
[WhiteTeam "TuS Coswig"]
[BlackTeam "Liebschwitz"]
[WhiteTeamCountry "GER"]
[BlackTeamCountry "GER"]

1. g3 d5 2. Bg2 e5 3. d3 c6 4. Nd2 Nf6 5. h3 Bc5 6. e3 0-0 7. Ne2 Re8 8. 0-0 Bf5 9. e4 Be6 10. Nb3 Bb6 11. Bg5 h6 12. Bd2 dxe4 13. dxe4 Bc4 14. Qe1 a5 15. Rd1 Nbd7 16. Nbc1 Qc7 17. b3 Be6 18. Nd3 a4 19. Nc3 axb3 20. axb3 Nc5 21. Nxc5 1/2-1/2